000 00599nam a2200217Ia 4500
003 OSt
005 20220926011150.0
006 a|||||r|||| 00| 0
007 ta
008 220923b |||||||| |||| 00| 0 eng d
037 _cGeneral Book
040 _aRTL
_cRTL
_beng
041 _2eng
_aeng
082 _aX:8:(S:44), L9
100 _aCooper Cary L Ed.
245 0 _aBehavioral problems in organizations
260 _aNew Jersey
_bPrentice-Hall
_c1979
300 _avi, 231p.
_ccm.
942 _hX:8:(S:44), L9
_cGB
_2CC
999 _c619244
_d619244